Индий. Методы анализа; ГОСТ 12645.1-77 Индий. Спектраьный метод определения галлия, железа, меди, никеля, олова, свинца, таллия и цинка; ГОСТ 12645.2-77 Индий. Спектраьный метод определения ртути; ГОСТ 12645.3-77 Индий. Спектраьный метод определения кадмия; ГОСТ 12645.4-77 Индий. Химико-спектральный метод определения алюминия, висмута, кадмия, меди, магния, марганца, никеля, свинца, серебра и цинка; ГОСТ 12645.5-77 Индий. Методы определения мышьяка; ГОСТ 12645.6-77 Индий. Методы определения железа; ГОСТ 12645.7-77 Индий. Методы определения цинка

Dades bibliogràfiques
Autor corporatiu: СССР Государственный комитет стандартов (Госстандарт)
Idioma:rus
Publicat: Москва, Изд-во стандартов, 1977
Edició:Изд. офиц.
TOC:ГОСТ 12645.1-77 Индий. Спектраьный метод определения галлия, железа, меди, никеля, олова, свинца, таллия и цинка;
ГОСТ 12645.2-77 Индий. Спектраьный метод определения ртути;
ГОСТ 12645.3-77 Индий. Спектраьный метод определения кадмия;
ГОСТ 12645.4-77 Индий. Химико-спектральный метод определения алюминия, висмута, кадмия, меди, магния, марганца, никеля, свинца, серебра и цинка;
ГОСТ 12645.5-77 Индий. Методы определения мышьяка;
ГОСТ 12645.6-77 Индий. Методы определения железа;
ГОСТ 12645.7-77 Индий. Методы определения цинка;
Col·lecció:Государственные стандарты
Matèries:
Format: MixedMaterials Llibre
KOHA link:https://koha.lib.tpu.ru/cgi-bin/koha/opac-detail.pl?biblionumber=153518

MARC

LEADER 00000nam0a2200000 4500
001 153518
005 20231031151429.0
035 |a (RuTPU)RU\TPU\book\166547 
035 |a RU\TPU\book\166541 
090 |a 153518 
100 |a 20090213d1977 km y0rusy50 ca 
101 0 |a rus 
102 |a RU 
105 |a y l 000zy 
200 1 |a Индий. Методы анализа 
205 |a Изд. офиц. 
210 |a Москва  |c Изд-во стандартов  |d 1977 
215 |a 33 с. 
225 1 |a Государственные стандарты 
464 |t ГОСТ 12645.1-77 Индий. Спектраьный метод определения галлия, железа, меди, никеля, олова, свинца, таллия и цинка 
464 |t ГОСТ 12645.2-77 Индий. Спектраьный метод определения ртути 
464 |t ГОСТ 12645.3-77 Индий. Спектраьный метод определения кадмия 
464 |t ГОСТ 12645.4-77 Индий. Химико-спектральный метод определения алюминия, висмута, кадмия, меди, магния, марганца, никеля, свинца, серебра и цинка 
464 |t ГОСТ 12645.5-77 Индий. Методы определения мышьяка 
464 |t ГОСТ 12645.6-77 Индий. Методы определения железа 
464 |t ГОСТ 12645.7-77 Индий. Методы определения цинка 
610 1 |a ГОСТы 
610 1 |a стандарты 
610 1 |a индий 
610 1 |a спектральный метод 
610 1 |a методы определения 
712 0 1 |a СССР  |b Государственный комитет стандартов (Госстандарт)  |c (1970-1978)  |2 stltpush  |3 (RuTPU)RU\TPU\col\4389 
801 2 |a RU  |b 63413507  |c 20221208  |g PSBO 
942 |c BK